1132 1670 1306 1001 1330 1510 1597 1797 1934 1287 1369 1640 1056 1155 1944 1795 1141 1415 1080 1800 1240 1752 1160 1890 1148 1234 1997 1292 1998 1843 1649 1016 1100 1237 1849 1592 1348 1926 1892 1602 1993 1558 1710 1042 1297 1648 1522 1737 1096 1805 1012 1033 1740 1869 1775 1672 1306 1757 1080 1723 1685 1324 1034 1830 1036 1076 1030 1408 1069 1401 1747 1611 1303 1068 1166 1761 1160 1058 1146 1325 1522 1231 1511 1322 1917 1423 1797 1716 1401 1482 1574 1419 1328 1929 1366 1659 1655 1441 1530 BCNSPRNW ULIB Ver.6.0+V

เปลี่ยนเป็นภาษาไทย

Change to English
 แสดงรายละเอียดบรรณานุกรม
  กลับหน้าหลัก

Brief Record : Get Marc (ISO 2709) : E-mail record : QR code < ปิดหน้าต่าง
LEADER : 00000nam 2200000uu 4500
001    13399120805
003     ULIB
008    121017s2550||||th 000 0 tha d
099    วจ.HD58.82^b456ค
100 0  วาณี โพธิ์นคร และจิราจันทร์ คณฑา
110 1  วิทยาลัยพยาบาลบรมราชชนนี สวรรค์ประชารักษ์ นครสวรรค์
245 00 ความสัมพันธ์ระหว่างรูปแบบการตัดสินใจและลักษณะความเป็นองค์กรแห่งการเรียนรู้ตามการรับรู้ของอาจารย์ วิทยาลัยพยาบาลราชชนนี สวรรค์ประชารักษ์ นครสวรรค์^cวาณี โพธิ์นคร และจิราจันทร์ คณฑา
260    ู^c2550
300    63 แผ่น
650  0 องค์กรแห่งการเรียนรู้^cวิจัย
650  0 รูปแบบการตัดสินใจ^cวิจัย
945    ^p0^l0^i032847
945    ^p0^l0^i032848
995    เกษร
999    ^aใช้งานได้ทุกระบบ
รายการนี้ยังไม่มีแท็ก
คุณยังไม่ได้ล็อกอิน คุณสามารถมีกิจกรรมร่วมกับเว็บไซต์ได้ แต่ต้องล็อกอินก่อน ::
  ล็อกอิน

รายการสื่อสารสนเทศ

ลำดับที่ ประเภท เลขเรียก/บาร์โค้ด สถานที่ สถานะ
1. งานวิจัย
งานวิจัย
วจ.HD58.82 456ค  
  Barcode: 032847
ห้องสมุดวิทยาเขตสวรรค์ประชารักษ์
►วิจัย
บนชั้น
2. งานวิจัย
งานวิจัย
วจ.HD58.82 456ค ฉ.2 
  Barcode: 032848
ห้องสมุดวิทยาเขตสวรรค์ประชารักษ์
►วิจัย
บนชั้น

BibComment


ยังไม่เคยถูกคอมเมนท์

คอมเมนท์ทรัพยากรรายการนี้
  คอมเมนท์: ความสัมพันธ์ระหว่..


 Copyright 2026. Bcnsprnw @Library